| 000 | 00531nam a2200169 i 4500 | ||
|---|---|---|---|
| 001 | 91513 | ||
| 003 | ES-MaACL | ||
| 005 | 20230906180734.0 | ||
| 007 | t| | ||
| 008 | 050131s1970 sp ||||1| spa d | ||
| 100 | 1 |
_aLewis, David. _972047 |
|
| 245 | 1 | 3 |
_aLa ciudad _b: problema de diseño y estructura / _cDavid Lewis ; [traducido por Teresa Rovira ... et al.]. |
| 260 |
_aBarcelona : _bGustavo Gili, _c[1970] |
||
| 300 |
_a284 p., 5 lám. ; _c32 cm. |
||
| 700 | 1 |
_aRovira, Teresa. _9100140 |
|
| 852 |
_aES-MaACL _jC-41715 _bR.74672 |
||
| 999 |
_c91513 _d91513 |
||